Statistics for France Six Nations Squad 2023

Click here to take the quiz!

General Stats

  • This quiz has been taken 4 times
  • The average score is 24 of 43

Answer Stats

HintAnswer% Correct
Scrum-Half - ToulouseAntoine Dupont
100%
Prop - ToulouseCyril Baille
100%
Centre/ Winger - Racing 92Gael Fickou
100%
Back Row - La RochelleGregory Alldritt
100%
Hooker - ToulouseJulien Marchand
100%
Fly-Half - Bordeaux BeglesMatthieu Jalibert
100%
Second Row - MontpellierPaul Willemse
100%
Fly-Half/ Centre - ToulouseRomain Ntamack
100%
Second/ Back Row - ToulouseThibaud Flament
100%
Back Row - ToulouseAnthony Jelonch
75%
Fly-Half - La RochelleAntoine Hastoy
75%
Back Row - ToulonCharles Ollivon
75%
Winger/ Centre - ClermontDamien Penaud
75%
ManagerFabien Galthie
75%
Back Row - ToulouseFrancois Cros
75%
Full-Back - ToulouseMelvyn Jaminet
75%
Prop - La RochelleReda Wardi
75%
Full-Back - ToulouseThomas Ramos
75%
Centre - Bordeaux BeglesYoram Moefana
75%
Second Row - ToulouseBastien Chalureau
50%
Back Row - LyonDylan Cretin
50%
Winger/ Centre - LyonEthan Dumortier
50%
Winger - Bordeaux BegelsLouis Bielle-Biarrey
50%
Prop - MontpellierMohamed Haouas
50%
Second Row - LyonRomain Taofifenua
50%
Back Row - Stade FrancaisSekou Macalou
50%
Prop - La RochelleUini Antonio
50%
Centre - PauEmilien Gailleton
25%
Centre - Stade FrancaisJulien Delbouis
25%
Scrum-Half - MontpellierLeo Coly
25%
Winger - ToulouseMatthis Lebel
25%
Scrum-Half - Racing 92Nolann Le Garrec
25%
Back Row - La RochellePaul Boudehent
25%
Centre - ToulousePierre-Louis Barassi
25%
Full-Back/ Winger - Bordeaux BeglesRomain Buros
25%
Prop - Bordeaux BeglesSipili Falatea
25%
Second Row - Bordeaux BeglesThomas Jolmes
25%
Second Row - La RochelleThomas Lavault
25%
Back Row - MontpellierYacouba Camara
25%
Back Row - MontpellierAlexandre Becognee
0%
Prop - ToulonDany Priso
0%
Hooker - CastresGaetan Balot
0%
Hooker - ToulonTeddy Baubigny
0%

Score Distribution

Percentile by Number Answered

Percent of People with Each Score

Your Score History

You have not taken this quiz